Δια βίου μάθηση : εφαλτήριο ή τροχοπέδη για την επαγγελματική εξέλιξη των γυναικών εκπαιδευτικών; : το παράδειγμα του Δήμου Συκεών Νομού Θεσσαλονίκης : διπλωματική εργασία [μεταπτυχιακή εργασία]

Αποθηκεύτηκε σε:
Λεπτομέρειες βιβλιογραφικής εγγραφής
Κύριος συγγραφέας: Ζερβού, Κυριακή Κων
Συγγραφή απο Οργανισμό/Αρχή: Πανεπιστήμιο Αιγαίου Σχολή Ανθρωπιστικών Επιστημών Τμήμα Επιστημών της Προσχολικής Αγωγής και του Εκπαιδευτικού Σχεδιασμού Πρόγραμμα Μεταπτυχιακών Σπουδών Φύλο και Νέα Εκπαιδευτικά και Εργασιακά Περιβάλλοντα στην Κοινωνία της Πληροφορίας
Άλλοι συγγραφείς: Γουβιάς, Διονύσης Σ. (Εισηγητής διατριβής)
Μορφή: Thesis Βιβλίο
Γλώσσα:Greek
Δημοσίευση: 2012
Θέματα:
Διαθέσιμο Online:http://hdl.handle.net/11610/13936
Ετικέτες: Προσθήκη ετικέτας
Δεν υπάρχουν, Καταχωρήστε ετικέτα πρώτοι!

MARC

LEADER 00000cam a2200000 i 4500
001 1/26922
008 130304s2012 gre d
035 |l 10113920 
040 |a GR-MY-UA  |b gre  |e aacr 
041 0 |a gre 
082 0 |a 372.071  |2 (22) 
100 1 |a Ζερβού, Κυριακή Κων. 
245 1 0 |a Δια βίου μάθηση :  |b εφαλτήριο ή τροχοπέδη για την επαγγελματική εξέλιξη των γυναικών εκπαιδευτικών; : το παράδειγμα του Δήμου Συκεών Νομού Θεσσαλονίκης : διπλωματική εργασία [μεταπτυχιακή εργασία] /  |c Ζερβού Κυριακή ; επιβλέπων:Γουβιάς Διονύσης 
260 |c 2012 
300 |a 119 σ.;  |b πιν.;  |c 30 εκ. 
500 |a Μέλη εξεταστικής επιτροπής: Βιτσιλάκη Χρυσή, Φώκιαλη Περσεφόνη 
502 |a Διατριβή (μεταπτυχιακή) – Πανεπιστήμιο Αιγαίου, Ρόδος, 2012. 
504 |a Βιβλιογραφία: σ. 103-113 
650 0 |a Continuing education  |z Greece  |z Thessalonike (Nome) 
650 0 |a Teachers  |x Education  |z Greece  |z Thessalonike (Nome) 
650 0 |a Teachers  |x Training of  |z Greece  |z Thessalonike (Nome) 
650 0 |a Teachers  |z Greece  |z Thessalonike (Nome)  |x Attitudes. 
650 0 0 |a Dissertations, Academic  |z Greece. 
700 1 |4 ths  |a Γουβιάς, Διονύσης Σ. 
710 1 |a Πανεπιστήμιο Αιγαίου   |b Σχολή Ανθρωπιστικών Επιστημών   |b Τμήμα Επιστημών της Προσχολικής Αγωγής και του Εκπαιδευτικού Σχεδιασμού   |b Πρόγραμμα Μεταπτυχιακών Σπουδών Φύλο και Νέα Εκπαιδευτικά και Εργασιακά Περιβάλλοντα στην Κοινωνία της Πληροφορίας. 
852 |a INST  |b RHODES  |c DIATR  |e 20130304  |h 372.071 ΖΕΡ  |p 005400034981  |q 005400034981  |t MTXE  |y 23 
852 |a INST  |b RHODES  |c DIATR  |e 20130304  |h 372.071 ΖΕΡ  |p 005400034982  |q 005400034982  |t MTXE  |y 23 
856 |u http://hdl.handle.net/11610/13936 
901 |a BIBL4-2013-1 
909 |a Ρ  |b 176503 
909 |a Ρ  |b 176504 
924 |a ΖΕΡΒΟΥ  |b ΧΡΙΣΤΙΝΑ  |y ΡΟΔΟΣ  |z 2012 
970 |z 2013/03/04